[Event "DEM U16 2025"]
[Site "Willingen GER"]
[Date "2025.06.12"]
[Round "7"]
[White "Sickmann, Lisa"]
[Black "Fruth, David"]
[Result "1/2-1/2"]
[Termination "normal"]
[Board "12"]
[WhiteTitle "WFM"]
[WhiteElo "1974"]
[BlackElo "2131"]
[WhiteClock "00:32:22"]
[BlackClock "00:13:46"]
[PlyCount "65"]
[WhiteFideId "16267818"]
[BlackFideId "16257596"]
[EventCountry "GER"]
[EventRounds "9"]
[EventType "swiss"]
[EventDate "2025.06.07"]

1. c4 {[%clk 01:30:59]} {[%emt 00:00:01]} c5 {[%clk 01:30:53]} {[%emt
00:00:07]} 2. g3 {[%clk 01:31:21]} {[%emt 00:00:07]} g6 {[%clk 01:31:21]}
{[%emt 00:00:02]} 3. Bg2 {[%clk 01:31:48]} {[%emt 00:00:03]} Bg7 {[%clk
01:31:44]} {[%emt 00:00:08]} 4. Nc3 {[%clk 01:32:15]} {[%emt 00:00:03]} Nc6
{[%clk 01:32:11]} {[%emt 00:00:03]} 5. a3 {[%clk 01:32:27]} {[%emt 00:00:19]}
a5 {[%clk 01:32:36]} {[%emt 00:00:04]} 6. d3 {[%clk 01:32:24]} {[%emt
00:00:32]} d6 {[%clk 01:32:56]} {[%emt 00:00:11]} 7. Rb1 {[%clk 01:32:47]}
{[%emt 00:00:06]} e5 {[%clk 01:33:16]} {[%emt 00:00:11]} 8. e3 {[%clk
01:32:57]} {[%emt 00:00:20]} Nge7 {[%clk 01:33:38]} {[%emt 00:00:08]} 9. Nge2
{[%clk 01:33:17]} {[%emt 00:00:09]} Be6 {[%clk 01:33:37]} {[%emt 00:00:31]} 10.
Nd5 {[%clk 01:33:21]} {[%emt 00:00:26]} O-O {[%clk 01:32:54]} {[%emt 00:01:13]}
11. O-O {[%clk 01:33:36]} {[%emt 00:00:15]} Rb8 {[%clk 01:30:33]} {[%emt
00:02:52]} 12. Nec3 {[%clk 01:33:45]} {[%emt 00:00:20]} Qd7 {[%clk 01:28:47]}
{[%emt 00:02:17]} 13. Bd2 {[%clk 01:31:03]} {[%emt 00:03:11]} Bxd5 {[%clk
01:13:58]} {[%emt 00:15:20]} 14. Nxd5 {[%clk 01:30:48]} {[%emt 00:00:45]} f5
{[%clk 01:06:23]} {[%emt 00:08:05]} 15. b4 {[%clk 01:23:09]} {[%emt 00:08:08]}
axb4 {[%clk 00:57:02]} {[%emt 00:09:51]} 16. axb4 {[%clk 01:23:24]} {[%emt
00:00:15]} Nxd5 {[%clk 00:55:37]} {[%emt 00:01:55]} 17. Bxd5+ {[%clk 01:23:25]}
{[%emt 00:00:29]} Kh8 {[%clk 00:56:06]} {[%emt 00:00:01]} 18. f4 {[%clk
01:17:06]} {[%emt 00:06:50]} Ne7 {[%clk 00:44:32]} {[%emt 00:12:04]} 19. Qf3
{[%clk 01:16:53]} {[%emt 00:00:42]} b5 {[%clk 00:43:32]} {[%emt 00:01:30]} 20.
Bc3 {[%clk 01:05:17]} {[%emt 00:12:05]} bxc4 {[%clk 00:41:45]} {[%emt
00:02:18]} 21. dxc4 {[%clk 01:01:36]} {[%emt 00:04:12]} e4 {[%clk 00:40:41]}
{[%emt 00:01:34]} 22. Bxg7+ {[%clk 01:01:02]} {[%emt 00:01:03]} Kxg7 {[%clk
00:41:09]} {[%emt 00:00:02]} 23. Qd1 {[%clk 01:00:57]} {[%emt 00:00:35]} Nxd5
{[%clk 00:38:09]} {[%emt 00:03:30]} 24. cxd5 {[%clk 00:57:42]} {[%emt
00:03:45]} Qa7 {[%clk 00:30:05]} {[%emt 00:08:34]} 25. bxc5 {[%clk 00:56:13]}
{[%emt 00:01:58]} Qxc5 {[%clk 00:28:53]} {[%emt 00:01:43]} 26. Qd2 {[%clk
00:56:25]} {[%emt 00:00:17]} Rxb1 {[%clk 00:25:53]} {[%emt 00:03:30]} 27. Rxb1
{[%clk 00:55:59]} {[%emt 00:00:56]} Ra8 {[%clk 00:23:43]} {[%emt 00:02:41]} 28.
Kh1 {[%clk 00:48:59]} {[%emt 00:07:29]} Qc4 {[%clk 00:17:24]} {[%emt 00:06:49]}
29. Qb2+ {[%clk 00:44:19]} {[%emt 00:05:10]} Kh6 {[%clk 00:14:50]} {[%emt
00:03:05]} 30. Rd1 {[%clk 00:31:42]} {[%emt 00:13:05]} Ra2 {[%clk 00:13:34]}
{[%emt 00:01:48]} 31. Qf6 {[%clk 00:31:55]} {[%emt 00:00:16]} Qe2 {[%clk
00:13:18]} {[%emt 00:00:45]} 32. Qg5+ {[%clk 00:32:00]} {[%emt 00:00:26]} Kg7
{[%clk 00:13:46]} {[%emt 00:00:03]} 33. Qe7+ {[%clk 00:32:22]} {[%emt
00:00:07]} 1/2-1/2

[Event "DEM U16 2025"]
[Site "Willingen GER"]
[Date "2025.06.12"]
[Round "7"]
[White "Sreeramulu, Aarush"]
[Black "Blodig, Vincent"]
[Result "1-0"]
[Termination "normal"]
[Board "13"]
[WhiteElo "2032"]
[BlackElo "2129"]
[WhiteClock "00:12:20"]
[BlackClock "00:01:30"]
[PlyCount "83"]
[WhiteFideId "34610685"]
[BlackFideId "16297857"]
[EventCountry "GER"]
[EventRounds "9"]
[EventType "swiss"]
[EventDate "2025.06.07"]

1. d4 {[%clk 01:30:57]} {[%emt 00:00:02]} Nf6 {[%clk 01:30:55]} {[%emt
00:00:06]} 2. c4 {[%clk 01:31:23]} {[%emt 00:00:04]} e6 {[%clk 01:31:21]}
{[%emt 00:00:04]} 3. Nc3 {[%clk 01:31:48]} {[%emt 00:00:04]} Bb4 {[%clk
01:31:46]} {[%emt 00:00:05]} 4. Qc2 {[%clk 01:32:13]} {[%emt 00:00:05]} d5
{[%clk 01:32:11]} {[%emt 00:00:06]} 5. cxd5 {[%clk 01:32:29]} {[%emt 00:00:14]}
Qxd5 {[%clk 01:32:32]} {[%emt 00:00:09]} 6. Nf3 {[%clk 01:30:56]} {[%emt
00:02:03]} Qf5 {[%clk 01:32:50]} {[%emt 00:00:12]} 7. Qxf5 {[%clk 01:28:45]}
{[%emt 00:02:40]} exf5 {[%clk 01:33:18]} {[%emt 00:00:02]} 8. Bd2 {[%clk
01:28:43]} {[%emt 00:00:32]} c6 {[%clk 01:31:45]} {[%emt 00:02:03]} 9. e3
{[%clk 01:28:10]} {[%emt 00:01:04]} Nbd7 {[%clk 01:26:38]} {[%emt 00:05:37]}
10. Bd3 {[%clk 01:26:03]} {[%emt 00:02:36]} Nb6 {[%clk 01:26:43]} {[%emt
00:00:26]} 11. O-O {[%clk 01:25:56]} {[%emt 00:00:36]} O-O {[%clk 01:25:41]}
12. a3 {[%clk 01:19:31]} {[%emt 00:08:27]} Be7 {[%clk 01:25:41]} 13. Rfe1
{[%clk 01:18:33]} {[%emt 00:01:59]} Rd8 {[%clk 01:16:57]} 14. Rac1 {[%clk
01:15:50]} {[%emt 00:12:26]} a5 {[%emt 00:12:50]} 15. Ne2 {[%clk 01:05:34]}
{[%emt 00:00:04]} Ne4 {[%clk 00:56:22]} {[%emt 00:20:16]} 16. Nc3 {[%clk
01:01:19]} Nxd2 {[%clk 00:56:22]} 17. Nxd2 {[%clk 01:01:19]} {[%emt 00:04:57]}
Be6 {[%clk 00:55:42]} 18. Ne2 {[%clk 00:53:36]} {[%emt 00:09:23]} Nd5 {[%clk
00:32:59]} 19. Nc3 {[%clk 00:51:45]} {[%emt 00:25:33]} Nc7 {[%clk 00:26:00]}
20. Na4 {[%clk 00:47:46]} {[%emt 00:11:58]} f4 {[%clk 00:20:46]} 21. Nc5 {[%clk
00:43:37]} {[%emt 00:10:24]} fxe3 {[%clk 00:20:16]} 22. fxe3 {[%clk 00:42:18]}
{[%emt 00:02:48]} Bd5 {[%clk 00:13:43]} 23. Be4 {[%clk 00:36:37]} {[%emt
00:13:15]} Bg5 {[%emt 00:11:52]} 24. Nf1 {[%clk 00:23:08]} {[%emt 00:04:30]}
Re8 {[%clk 00:06:00]} 25. Bxd5 {[%clk 00:21:14]} {[%emt 00:08:44]} Nxd5 {[%emt
00:01:03]} 26. Nxb7 {[%clk 00:20:47]} {[%emt 00:00:07]} Nxe3 {[%clk 00:01:41]}
27. Rxc6 {[%clk 00:20:00]} {[%emt 00:06:23]} h6 {[%emt 00:01:26]} 28. h4 {[%clk
00:18:30]} {[%emt 00:01:27]} Bf4 {[%clk 00:00:40]} 29. g3 {[%clk 00:15:13]}
{[%emt 00:04:55]} Nxf1 {[%clk 00:01:04]} 30. Rxe8+ {[%clk 00:15:13]} Rxe8
{[%clk 00:01:04]} 31. gxf4 {[%clk 00:15:13]} Nd2 {[%clk 00:01:04]} 32. Nxa5
{[%clk 00:15:44]} {[%emt 00:01:46]} Re2 {[%clk 00:01:05]} 33. b4 {[%clk
00:15:15]} {[%emt 00:01:46]} Nf3+ {[%emt 00:00:49]} 34. Kf1 Ra2 {[%clk
00:01:21]} {[%emt 00:00:14]} 35. b5 {[%clk 00:11:20]} {[%emt 00:04:37]} Nxd4
{[%clk 00:00:52]} 36. Rc8+ {[%clk 00:11:35]} {[%emt 00:01:14]} Kh7 {[%clk
00:01:14]} {[%emt 00:00:08]} 37. b6 {[%clk 00:11:51]} {[%emt 00:00:14]} Nf3
{[%clk 00:00:31]} {[%emt 00:01:13]} 38. b7 {[%clk 00:11:57]} {[%emt 00:00:23]}
Nh2+ {[%clk 00:00:54]} {[%emt 00:00:08]} 39. Ke1 {[%clk 00:12:13]} {[%emt
00:00:14]} Nf3+ {[%clk 00:01:15]} {[%emt 00:00:10]} 40. Kd1 {[%clk 00:12:34]}
{[%emt 00:00:08]} Ra1+ {[%clk 00:01:16]} {[%emt 00:00:29]} 41. Kc2 {[%clk
00:12:04]} {[%emt 00:01:00]} Nd4+ {[%clk 00:01:30]} {[%emt 00:00:18]} 42. Kb2
{[%clk 00:12:20]} {[%emt 00:00:12]} 1-0

[Event "DEM U16 2025"]
[Site "Willingen GER"]
[Date "2025.06.12"]
[Round "7"]
[White "Jung, Marcel"]
[Black "Zomartova, Ilya"]
[Result "0-1"]
[Termination "normal"]
[Board "14"]
[WhiteElo "1728"]
[BlackElo "1962"]
[WhiteClock "00:18:07"]
[BlackClock "01:04:23"]
[PlyCount "122"]
[WhiteFideId "34673881"]
[BlackFideId "13630946"]
[EventCountry "GER"]
[EventRounds "9"]
[EventType "swiss"]
[EventDate "2025.06.07"]

1. c4 {[%clk 01:30:55]} {[%emt 00:00:04]} e6 {[%clk 01:30:55]} {[%emt
00:00:06]} 2. Nc3 {[%clk 01:31:03]} {[%emt 00:00:21]} d5 {[%clk 01:31:16]}
{[%emt 00:00:09]} 3. e3 {[%clk 01:31:26]} {[%emt 00:00:06]} Nf6 {[%clk
01:31:40]} {[%emt 00:00:06]} 4. Nf3 {[%clk 01:31:44]} {[%emt 00:00:13]} Be7
{[%clk 01:32:03]} {[%emt 00:00:06]} 5. b3 {[%clk 01:32:07]} {[%emt 00:00:08]}
O-O {[%clk 01:32:19]} {[%emt 00:00:14]} 6. Bb2 {[%clk 01:32:25]} {[%emt
00:00:12]} b6 {[%clk 01:32:41]} {[%emt 00:00:07]} 7. Be2 {[%clk 01:32:07]}
{[%emt 00:00:48]} Bb7 {[%clk 01:32:55]} {[%emt 00:00:16]} 8. O-O {[%clk
01:29:41]} {[%emt 00:02:56]} Nbd7 {[%clk 01:32:54]} {[%emt 00:00:31]} 9. Rc1
{[%clk 01:27:33]} {[%emt 00:02:39]} a6 {[%clk 01:33:10]} {[%emt 00:00:14]} 10.
Qc2 {[%clk 01:25:04]} {[%emt 00:02:59]} c5 {[%clk 01:31:53]} {[%emt 00:01:47]}
11. cxd5 {[%clk 01:23:08]} {[%emt 00:02:26]} Nxd5 {[%clk 01:31:29]} {[%emt
00:00:54]} 12. Nxd5 {[%clk 01:18:26]} {[%emt 00:05:13]} Bxd5 {[%clk 01:31:13]}
{[%emt 00:00:46]} 13. Rfd1 {[%clk 01:17:10]} {[%emt 00:01:45]} Qc8 {[%clk
01:27:35]} {[%emt 00:04:08]} 14. d4 {[%clk 01:11:34]} {[%emt 00:06:06]} Qb7
{[%clk 01:24:49]} {[%emt 00:03:16]} 15. dxc5 {[%clk 00:58:19]} {[%emt
00:13:45]} Nxc5 {[%clk 01:24:20]} {[%emt 00:00:59]} 16. Rd4 {[%clk 00:47:43]}
{[%emt 00:11:05]} Be4 {[%clk 01:19:32]} {[%emt 00:05:19]} 17. Qd2 {[%clk
00:44:40]} {[%emt 00:03:34]} Rad8 {[%clk 01:11:51]} {[%emt 00:08:11]} 18. Ba1
{[%clk 00:34:00]} {[%emt 00:11:10]} e5 {[%clk 01:04:29]} {[%emt 00:07:52]} 19.
Nxe5 {[%clk 00:27:07]} {[%emt 00:07:24]} Bf6 {[%clk 00:59:46]} {[%emt
00:05:13]} 20. f3 {[%clk 00:24:26]} {[%emt 00:03:11]} Qe7 {[%clk 00:54:44]}
{[%emt 00:05:31]} 21. Rxd8 {[%clk 00:18:55]} {[%emt 00:06:01]} Rxd8 {[%clk
00:55:07]} {[%emt 00:00:08]} 22. Qc3 {[%clk 00:18:11]} {[%emt 00:01:12]} Nd7
{[%clk 00:54:06]} {[%emt 00:01:32]} 23. f4 {[%clk 00:06:30]} {[%emt 00:12:06]}
Nxe5 {[%clk 00:50:52]} {[%emt 00:03:50]} 24. fxe5 {[%clk 00:05:57]} {[%emt
00:01:03]} Bg5 {[%clk 00:51:12]} {[%emt 00:00:09]} 25. Rf1 {[%clk 00:03:44]}
{[%emt 00:02:43]} b5 {[%clk 00:49:36]} {[%emt 00:02:07]} 26. a4 {[%clk
00:02:33]} {[%emt 00:01:42]} b4 {[%clk 00:49:50]} {[%emt 00:00:15]} 27. Qc1
{[%clk 00:02:18]} {[%emt 00:00:44]} Qa7 {[%clk 00:49:57]} {[%emt 00:00:24]} 28.
Qc4 {[%clk 00:01:26]} {[%emt 00:01:22]} Qxe3+ {[%clk 00:49:57]} {[%emt
00:00:29]} 29. Kh1 {[%clk 00:01:44]} {[%emt 00:00:11]} h6 {[%clk 00:49:56]}
{[%emt 00:00:33]} 30. Qxf7+ {[%clk 00:01:21]} {[%emt 00:00:54]} Kh8 {[%clk
00:49:54]} {[%emt 00:00:31]} 31. e6 {[%clk 00:00:36]} {[%emt 00:01:15]} Bxg2+
{[%clk 00:50:05]} {[%emt 00:00:20]} 32. Kxg2 {[%clk 00:00:35]} {[%emt
00:00:31]} Qxe2+ {[%clk 00:50:28]} {[%emt 00:00:06]} 33. Qf2 {[%clk 00:00:50]}
{[%emt 00:00:14]} Qxe6 {[%clk 00:50:34]} {[%emt 00:00:25]} 34. Kh1 {[%clk
00:00:55]} {[%emt 00:00:25]} Qe4+ {[%clk 00:50:19]} {[%emt 00:00:42]} 35. Qg2
{[%clk 00:01:07]} {[%emt 00:00:21]} Qe7 {[%clk 00:45:32]} {[%emt 00:05:14]} 36.
Qf3 {[%clk 00:00:37]} {[%emt 00:01:04]} Kg8 {[%clk 00:44:57]} {[%emt 00:01:04]}
37. Rg1 {[%clk 00:00:44]} {[%emt 00:00:23]} Rf8 {[%clk 00:41:46]} {[%emt
00:03:42]} 38. Qd5+ {[%clk 00:00:59]} {[%emt 00:00:13]} Kh8 {[%clk 00:42:02]}
{[%emt 00:00:13]} 39. Qg2 {[%clk 00:00:34]} {[%emt 00:00:56]} Bf6 {[%clk
00:41:43]} {[%emt 00:00:50]} 40. Bxf6 {[%clk 00:00:38]} {[%emt 00:00:26]} Qxf6
{[%clk 00:42:10]} {[%emt 00:00:04]} 41. Qc2 {[%clk 00:27:25]} {[%emt 00:03:42]}
a5 {[%clk 01:11:14]} {[%emt 00:01:26]} 42. Rc1 {[%clk 00:26:17]} {[%emt
00:01:38]} Qf3+ {[%clk 01:10:34]} {[%emt 00:01:10]} 43. Kg1 {[%clk 00:26:08]}
{[%emt 00:00:38]} Rf5 {[%clk 01:10:19]} {[%emt 00:00:40]} 44. Qc8+ {[%clk
00:26:24]} {[%emt 00:00:19]} Kh7 {[%clk 01:10:36]} {[%emt 00:00:11]} 45. Qc2
{[%clk 00:26:38]} {[%emt 00:00:18]} Qg4+ {[%clk 01:10:04]} {[%emt 00:01:02]}
46. Kh1 {[%clk 00:26:35]} {[%emt 00:00:33]} Qg6 {[%clk 01:10:13]} {[%emt
00:00:18]} 47. Rg1 {[%clk 00:25:57]} {[%emt 00:01:11]} Rg5 {[%clk 01:06:08]}
{[%emt 00:04:35]} 48. Qxg6+ {[%clk 00:23:38]} {[%emt 00:02:49]} Kxg6 {[%clk
01:06:29]} {[%emt 00:00:10]} 49. Rd1 {[%clk 00:23:49]} {[%emt 00:00:18]} Kf6
{[%clk 01:06:45]} {[%emt 00:00:14]} 50. Rd6+ {[%clk 00:24:05]} {[%emt
00:00:14]} Ke5 {[%clk 01:06:57]} {[%emt 00:00:16]} 51. Rc6 {[%clk 00:24:03]}
{[%emt 00:00:34]} Kd5 {[%clk 01:06:38]} {[%emt 00:00:43]} 52. Rc4 {[%clk
00:23:28]} {[%emt 00:01:11]} g6 {[%clk 01:05:43]} {[%emt 00:01:25]} 53. Rh4
{[%clk 00:22:16]} {[%emt 00:01:42]} h5 {[%clk 01:05:53]} {[%emt 00:00:19]} 54.
Rf4 {[%clk 00:20:06]} {[%emt 00:02:41]} Rf5 {[%clk 01:04:59]} {[%emt 00:01:23]}
55. Rc4 {[%clk 00:17:50]} {[%emt 00:02:47]} Rf3 {[%clk 01:04:57]} {[%emt
00:00:29]} 56. Rc8 {[%clk 00:17:53]} {[%emt 00:00:30]} Rxb3 {[%clk 01:04:41]}
{[%emt 00:00:46]} 57. Ra8 {[%clk 00:18:18]} {[%emt 00:00:05]} Rc3 {[%clk
01:04:18]} {[%emt 00:00:51]} 58. Rxa5+ {[%clk 00:18:43]} {[%emt 00:00:07]} Rc5
{[%clk 01:04:29]} {[%emt 00:00:20]} 59. Ra8 {[%clk 00:18:14]} {[%emt 00:00:59]}
Kc4 {[%clk 01:04:28]} {[%emt 00:00:28]} 60. a5 {[%clk 00:18:16]} {[%emt
00:00:30]} b3 {[%clk 01:04:39]} {[%emt 00:00:20]} 61. a6 {[%clk 00:18:07]}
{[%emt 00:00:39]} b2 {[%clk 01:04:23]} {[%emt 00:00:45]} 0-1

[Event "DEM U16 2025"]
[Site "Willingen GER"]
[Date "2025.06.12"]
[Round "7"]
[White "Khachaturyan, Konstantin"]
[Black "Kaplan, Arne"]
[Result "1/2-1/2"]
[Termination "normal"]
[Board "15"]
[WhiteElo "1800"]
[BlackElo "1846"]
[WhiteClock "00:00:51"]
[BlackClock "00:17:24"]
[PlyCount "67"]
[WhiteFideId "16239083"]
[BlackFideId "34625194"]
[EventCountry "GER"]
[EventRounds "9"]
[EventType "swiss"]
[EventDate "2025.06.07"]

1. e4 {[%clk 01:30:59]} {[%emt 18:34:09]} c5 {[%clk 01:30:48]} {[%emt
00:00:12]} 2. Nf3 {[%clk 01:30:31]} {[%emt 00:00:59]} d6 {[%clk 01:31:00]}
{[%emt 00:00:17]} 3. d4 {[%clk 01:30:58]} {[%emt 00:00:04]} cxd4 {[%clk
01:31:21]} {[%emt 00:00:08]} 4. Nxd4 {[%clk 01:29:48]} {[%emt 00:01:41]} Nf6
{[%clk 01:31:42]} {[%emt 00:00:09]} 5. Nc3 {[%clk 01:30:09]} {[%emt 00:00:09]}
a6 {[%clk 01:32:03]} {[%emt 00:00:09]} 6. Be2 {[%clk 01:30:33]} {[%emt
00:00:07]} e5 {[%clk 01:32:25]} {[%emt 00:00:08]} 7. Nb3 {[%clk 01:31:00]}
{[%emt 00:00:03]} Be6 {[%clk 01:32:48]} {[%emt 00:00:07]} 8. Bg5 {[%clk
01:30:50]} {[%emt 00:00:41]} Be7 {[%clk 01:30:25]} {[%emt 00:02:51]} 9. Bxf6
{[%clk 01:30:51]} {[%emt 00:00:29]} Bxf6 {[%clk 01:30:41]} {[%emt 00:00:14]}
10. O-O {[%clk 01:31:17]} {[%emt 00:00:05]} O-O {[%clk 01:29:14]} {[%emt
00:01:56]} 11. Nd5 {[%clk 01:30:08]} {[%emt 00:01:39]} Bxd5 {[%clk 01:25:44]}
{[%emt 00:04:00]} 12. Qxd5 {[%clk 01:30:33]} {[%emt 00:00:06]} Qc7 {[%clk
01:25:58]} {[%emt 00:00:15]} 13. c3 {[%clk 01:23:10]} {[%emt 00:07:54]} Nd7
{[%clk 01:19:40]} {[%emt 00:06:46]} 14. Rad1 {[%clk 01:23:16]} {[%emt
00:00:25]} Be7 {[%clk 01:18:54]} {[%emt 00:01:16]} 15. Qd2 {[%clk 01:02:43]}
{[%emt 00:21:03]} b5 {[%clk 01:15:01]} {[%emt 00:04:23]} 16. c4 {[%clk
00:50:04]} {[%emt 00:13:10]} bxc4 {[%clk 01:02:56]} {[%emt 00:12:35]} 17. Rc1
{[%clk 00:49:54]} {[%emt 00:00:39]} Qb7 {[%clk 01:01:28]} {[%emt 00:01:58]} 18.
Rxc4 {[%clk 00:50:00]} {[%emt 00:00:24]} Nb6 {[%clk 01:01:31]} {[%emt
00:00:27]} 19. Rc2 {[%clk 00:49:44]} {[%emt 00:00:46]} Rac8 {[%clk 00:52:33]}
{[%emt 00:09:27]} 20. Bd3 {[%clk 00:44:03]} {[%emt 00:06:12]} Qa7 {[%clk
00:44:37]} {[%emt 00:08:26]} 21. Rfc1 {[%clk 00:43:41]} {[%emt 00:00:52]} Rxc2
{[%clk 00:38:48]} {[%emt 00:06:19]} 22. Rxc2 {[%clk 00:43:49]} {[%emt
00:00:22]} h6 {[%clk 00:38:54]} {[%emt 00:00:24]} 23. Qa5 {[%clk 00:33:48]}
{[%emt 00:10:31]} Ra8 {[%clk 00:38:18]} {[%emt 00:01:06]} 24. Rc6 {[%clk
00:32:54]} {[%emt 00:01:25]} Bd8 {[%clk 00:35:41]} {[%emt 00:03:06]} 25. Rxd6
{[%clk 00:24:28]} {[%emt 00:08:57]} Qb7 {[%clk 00:27:47]} {[%emt 00:08:22]} 26.
Qxe5 {[%clk 00:15:28]} {[%emt 00:09:31]} Bc7 {[%clk 00:22:43]} {[%emt
00:05:34]} 27. Qe7 {[%clk 00:15:38]} {[%emt 00:00:20]} Qb8 {[%clk 00:22:59]}
{[%emt 00:00:13]} 28. Rc6 {[%clk 00:12:56]} {[%emt 00:03:13]} Bxh2+ {[%clk
00:23:00]} {[%emt 00:00:29]} 29. Kh1 {[%clk 00:10:00]} {[%emt 00:03:26]} Be5
{[%clk 00:22:53]} {[%emt 00:00:37]} 30. Rxb6 {[%clk 00:06:04]} {[%emt
00:04:26]} Qxb6 {[%clk 00:23:16]} {[%emt 00:00:07]} 31. Qxe5 {[%clk 00:06:28]}
{[%emt 00:00:05]} Qxf2 {[%clk 00:23:37]} {[%emt 00:00:08]} 32. Qc3 {[%clk
00:06:17]} {[%emt 00:00:43]} Rd8 {[%clk 00:21:32]} {[%emt 00:02:35]} 33. Nc1
{[%clk 00:03:27]} {[%emt 00:03:21]} h5 {[%clk 00:17:24]} {[%emt 00:04:36]} 34.
Ne2 {[%clk 00:00:51]} {[%emt 00:03:06]} 1/2-1/2

[Event "DEM U16 2025"]
[Site "Willingen GER"]
[Date "2025.06.12"]
[Round "7"]
[White "Bock, Leonas"]
[Black "Rose, Simeon"]
[Result "1/2-1/2"]
[Termination "normal"]
[Board "16"]
[WhiteElo "1659"]
[BlackElo "1864"]
[WhiteClock "00:18:55"]
[BlackClock "00:03:56"]
[PlyCount "96"]
[WhiteFideId "16287118"]
[BlackFideId "34625062"]
[EventCountry "GER"]
[EventRounds "9"]
[EventType "swiss"]
[EventDate "2025.06.07"]

1. d4 {[%clk 01:30:57]} {[%emt 00:00:02]} Nf6 {[%clk 01:30:55]} {[%emt
00:00:06]} 2. c4 {[%clk 01:30:11]} {[%emt 00:01:16]} c5 {[%clk 01:31:19]}
{[%emt 00:00:07]} 3. d5 {[%clk 01:30:02]} {[%emt 00:00:38]} b5 {[%clk
01:31:43]} {[%emt 00:00:06]} 4. b3 {[%clk 01:29:11]} {[%emt 00:01:21]} g6
{[%clk 01:29:21]} {[%emt 00:02:52]} 5. Bb2 {[%clk 01:27:00]} {[%emt 00:02:40]}
Bg7 {[%clk 01:28:17]} {[%emt 00:01:34]} 6. Nd2 {[%clk 01:24:32]} {[%emt
00:02:58]} O-O {[%clk 01:26:09]} {[%emt 00:02:39]} 7. Ngf3 {[%clk 01:20:30]}
{[%emt 00:04:32]} d6 {[%clk 01:25:08]} {[%emt 00:01:32]} 8. e3 {[%clk
01:13:41]} {[%emt 00:07:17]} Bb7 {[%clk 01:19:49]} {[%emt 00:05:50]} 9. Be2
{[%clk 01:08:35]} {[%emt 00:05:35]} Nbd7 {[%clk 01:17:26]} {[%emt 00:02:54]}
10. O-O {[%clk 01:06:18]} {[%emt 00:02:46]} b4 {[%clk 01:15:21]} {[%emt
00:02:36]} 11. Re1 {[%clk 01:04:49]} {[%emt 00:01:58]} a5 {[%clk 01:10:08]}
{[%emt 00:05:44]} 12. Qc2 {[%clk 00:59:02]} {[%emt 00:06:17]} a4 {[%clk
01:02:41]} {[%emt 00:07:58]} 13. Rad1 {[%emt 00:10:36]} axb3 {[%clk 00:56:27]}
{[%emt 00:06:40]} 14. axb3 {[%clk 00:46:35]} {[%emt 00:02:54]} Ra2 {[%clk
00:54:45]} {[%emt 00:02:07]} 15. Rb1 {[%clk 00:37:49]} {[%emt 00:09:21]} e6
{[%clk 00:45:20]} {[%emt 00:09:56]} 16. Bd3 {[%clk 00:30:24]} {[%emt 00:07:54]}
Qc7 {[%clk 00:41:29]} {[%emt 00:04:21]} 17. e4 {[%clk 00:28:31]} {[%emt
00:02:23]} Ng4 {[%clk 00:35:05]} {[%emt 00:06:54]} 18. h3 {[%clk 00:18:53]}
{[%emt 00:10:08]} Nge5 {[%clk 00:35:19]} {[%emt 00:00:16]} 19. Bf1 {[%clk
00:17:42]} {[%emt 00:01:40]} Re8 {[%clk 00:24:07]} {[%emt 00:11:43]} 20. Qc1
{[%clk 00:14:31]} {[%emt 00:03:40]} Bc8 {[%clk 00:18:54]} {[%emt 00:05:44]} 21.
Nh2 {[%clk 00:06:38]} {[%emt 00:08:22]} Nf8 {[%clk 00:15:33]} {[%emt 00:03:51]}
22. f4 {[%clk 00:06:11]} {[%emt 00:00:56]} Ned7 {[%clk 00:15:59]} {[%emt
00:00:05]} 23. Bxg7 {[%clk 00:05:41]} {[%emt 00:01:00]} Kxg7 {[%clk 00:16:27]}
{[%emt 00:00:02]} 24. Ra1 {[%clk 00:05:07]} {[%emt 00:01:04]} Qa7 {[%clk
00:14:31]} {[%emt 00:02:26]} 25. Rxa2 {[%clk 00:03:25]} {[%emt 00:02:12]} Qxa2
{[%clk 00:15:00]} {[%emt 00:00:01]} 26. Qa1+ {[%clk 00:03:42]} {[%emt
00:00:13]} Qxa1 {[%clk 00:15:28]} {[%emt 00:00:02]} 27. Rxa1 {[%clk 00:04:05]}
{[%emt 00:00:07]} e5 {[%clk 00:13:53]} {[%emt 00:02:04]} 28. g3 {[%clk
00:02:02]} {[%emt 00:02:32]} Nf6 {[%clk 00:13:18]} {[%emt 00:01:06]} 29. Bg2
{[%clk 00:00:44]} {[%emt 00:01:47]} Nh5 {[%clk 00:12:23]} {[%emt 00:01:25]} 30.
fxe5 {[%clk 00:00:32]} {[%emt 00:00:42]} Rxe5 {[%clk 00:12:14]} {[%emt
00:00:38]} 31. Kf2 {[%clk 00:00:39]} {[%emt 00:00:23]} Nd7 {[%clk 00:10:53]}
{[%emt 00:01:52]} 32. Ra8 {[%clk 00:00:37]} {[%emt 00:00:32]} Re8 {[%clk
00:11:04]} {[%emt 00:00:19]} 33. h4 {[%clk 00:00:34]} {[%emt 00:00:33]} Nhf6
{[%clk 00:07:17]} {[%emt 00:04:17]} 34. g4 {[%clk 00:00:33]} {[%emt 00:00:31]}
Nb6 {[%clk 00:05:58]} {[%emt 00:01:49]} 35. Ra7 {[%clk 00:00:32]} {[%emt
00:00:32]} Nxg4+ {[%clk 00:06:02]} {[%emt 00:00:26]} 36. Nxg4 {[%clk 00:00:34]}
{[%emt 00:00:28]} Bxg4 {[%clk 00:06:30]} {[%emt 00:00:02]} 37. Rb7 {[%clk
00:00:31]} {[%emt 00:00:33]} Nc8 {[%clk 00:06:25]} {[%emt 00:00:35]} 38. Kg3
{[%clk 00:00:35]} {[%emt 00:00:26]} h5 {[%clk 00:06:06]} {[%emt 00:00:48]} 39.
Bh3 {[%clk 00:00:37]} {[%emt 00:00:29]} Bxh3 {[%clk 00:06:10]} {[%emt
00:00:26]} 40. Kxh3 {[%clk 00:01:03]} {[%emt 00:00:05]} Rd8 {[%clk 00:00:41]}
{[%emt 00:05:59]} 41. Nf3 {[%clk 00:29:58]} {[%emt 00:01:34]} Re8 {[%clk
00:12:33]} {[%emt 00:18:39]} 42. Ng5 {[%clk 00:29:46]} {[%emt 00:00:41]} Re7
{[%clk 00:12:50]} {[%emt 00:00:13]} 43. Rb8 {[%clk 00:27:58]} {[%emt 00:02:19]}
Rc7 {[%clk 00:13:07]} {[%emt 00:00:13]} 44. Kg3 {[%clk 00:27:50]} {[%emt
00:00:37]} Kf6 {[%clk 00:09:28]} {[%emt 00:04:09]} 45. Kf4 {[%clk 00:21:44]}
{[%emt 00:06:36]} Ke7 {[%clk 00:08:59]} {[%emt 00:01:00]} 46. Kf3 {[%clk
00:20:26]} {[%emt 00:01:47]} Kf6 {[%clk 00:07:08]} {[%emt 00:02:22]} 47. Kf4
{[%clk 00:19:39]} {[%emt 00:01:17]} Ke7 {[%clk 00:06:48]} {[%emt 00:00:51]} 48.
Kf3 {[%clk 00:18:55]} {[%emt 00:01:13]} Kf6 {[%clk 00:03:56]} {[%emt 00:03:23]}
1/2-1/2